| 000 | 00503cam a22001934a 4500 | ||
|---|---|---|---|
| 005 | 20250605164146.0 | ||
| 008 | 250528s ||||||||||||||||||||||||d | ||
| 035 | _a19185 | ||
| 020 | _a6724383 | ||
| 040 |
_aGR-AtMCL _bgre _dGR-AtMCL _eAACR2 |
||
| 245 | 1 | _aLos Angeles / Portrait of an Extraordinary City | |
| 260 |
_bLange Medical Publications, _c1973 |
||
| 300 | _a306 | ||
| 700 | 1 |
_aHouk Walter _95430 |
|
| 700 | 1 |
_aJohnson Paul C _95431 |
|
| 942 | _cBK | ||
| 999 |
_c4458 _d4458 |
||